| 000 | 00814nam a2200193 i 4500 | ||
|---|---|---|---|
| 001 | 188360 | ||
| 003 | ES-MaACL | ||
| 005 | 20250927110317.0 | ||
| 008 | 180903s1921 fr |||| | fre d | ||
| 245 | 0 | 0 |
_aTraité de pathologie médicale et de thérapeutique appliquée / publ. sous la dir. d'Émile Sergent, L. Ribadeau-Dumas, L. Babonneix. _nIX, _pSympathique et glandes endocrines / _cpar P. Lereboullet, Harvier, Carrion,... [et al.]. |
| 260 |
_aParis : _bA. Maloine et fils, _c1921. |
||
| 300 |
_a349 p. : _bil. ; _c21 cm. |
||
| 650 | 4 |
_aSistema nervioso simpático- _xEnfermedades. _9165390 |
|
| 650 | 4 |
_aGlándulas endocrinas- _xEnfermedades. _9162695 |
|
| 700 | 1 |
_aLereboullet, Pierre, _d1874-1944 _9165389 |
|
| 700 | 0 |
_aHarvier, Paul. _962028 |
|
| 852 |
_aES-MaACL _jC-16739 |
||
| 999 |
_c188360 _d188360 |
||